| 000 | 00646nam a2200193Ia 4500 | ||
|---|---|---|---|
| 008 | 151121s9999||||xx |||||||||||||| ||und|| | ||
| 082 | _a818/ताम्हणे | ||
| 082 | _bHNW-115962 | ||
| 100 | _aताम्हणे ललिता | ||
| 245 | _aचंदेरी सोनेरी | ||
| 260 | _b"मैत्रेय प्रकाशन, पुणे।" | ||
| 260 | _c2014 | ||
| 300 | _a160 | ||
| 600 | _aताम्हणे ललिता | ||
| 630 | _aचंदेरी सोनेरी | ||
| 700 | _aताम्हणे ललिता | ||
| 730 | _aचंदेरी सोनेरी | ||
| 942 | _cBOOK | ||
| 999 |
_c1264650 _d1264647 |
||